000 02064nam a2200433Ia 4500
001 ebr10556333
003 CaPaEBR
006 m u
007 cr cn|||||||||
008 060316s2006 vaua sb 000 0 eng d
020 _z0784408300
020 _z9780784408308
020 _z9780784471418
040 _aCaPaEBR
_cCaPaEBR
035 _a(OCoLC)794493234
050 1 4 _aTL797
_b.I487 2006eb
245 0 0 _aEarth & Space 2006
_h[electronic resource] :
_bEngineering, construction and operations in challenging environments : March 5-8, 2006, League City/Houston, Texas /
_cedited by, Ramesh B. Malla, Wieslaw K. Binienda, Arup K. Maji ; ASCE.
246 3 _aEarth and Space 2006
246 3 _aEngineering, construction, and operations in challenging environments
246 3 _aProceedings of the tenth biennial ASCE Aeropsace Division International Conference on Engineering, Construction and Operations in Challenging Environments
260 _a[Alexandria, VA] :
_bASCE,
_cc2006.
300 _a1 v. (various pagings) :
_bill.
504 _aIncludes bibliographical references.
533 _aElectronic reproduction.
_bPalo Alto, Calif. :
_cebrary,
_d2011.
_nAvailable via World Wide Web.
_nAccess may be limited to ebrary affiliated libraries.
650 0 _aSpace stations
_vCongresses.
650 0 _aExtraterrestrial bases
_vCongresses.
650 0 _aLarge space structures (Astronautics)
_vCongresses.
650 0 _aBuilding
_vCongresses.
650 0 _aExtreme environments
_vCongresses.
650 0 _aCivil engineering
_vCongresses.
655 7 _aElectronic books.
_2local
700 1 _aMalla, Ramesh B.
700 1 _aBinienda, Wieslaw K.
700 1 _aMaji, Arup.
710 2 _aebrary, Inc.
710 2 _aAmerican Society of Civil Engineers.
711 2 _aInternational Conference on Engineering, Construction, and Operations in Challenging Environments
_n(10th :
_d2006 :
_cLeague City, Tex.)
856 4 0 _uhttp://site.ebrary.com/lib/rucke/Doc?id=10556333
_zAn electronic book accessible through the World Wide Web; click to view
999 _c89711
_d89711